| 000 | 01376nmm a2200481 a 4500 | ||
|---|---|---|---|
| 003 | AR-BaBNM | ||
| 005 | 20251128202905.0 | ||
| 008 | 097119s1990 ||||||||||||||000 | spa|| | ||
| 020 | _a950-43-0343-9 | ||
| 040 | _cAR-BaBNM | ||
| 100 | 1 | _aCicchini, Susana Aída | |
| 245 | 1 | 0 |
_aTeatro _banálisis : dieciseis trabajos : 1982-1989 |
| 260 |
_aBuenos Aires _b[s.n.] _c1990 |
||
| 300 | 0 | _a223 p. | |
| 500 | 0 | _aContiene referencias bibliográficas en p. 221 | |
| 600 | 1 | 4 | _aPérez Pardella, Agustín |
| 600 | 1 | 4 | _aMarechal, Leopoldo |
| 600 | 1 | 4 | _aCarlino, Carlos |
| 600 | 1 | 4 | _aGarcía Lorca, Federico |
| 600 | 1 | 4 |
_aEcheverría, Esteban _d1805-1851 |
| 600 | 1 | 4 | _aBorges, Jorge Luis |
| 600 | 1 | 4 |
_aIonesco, Eugène _d1909-1994 |
| 600 | 1 | 4 | _aLehmann, Marta |
| 600 | 1 | 4 | _aRivas, Ana |
| 600 | 0 | 4 | _aJuana Inés de la Cruz |
| 600 | 1 | 4 | _aCota, Rodrigo de |
| 600 | 1 | 4 | _aSaccoccia, Hugo Luis |
| 600 | 1 | 4 | _aCortázar, Julio |
| 600 | 1 | 4 | _aFuentes, Carlos |
| 600 | 1 | 4 | _aFernández de Moratín, Leandro |
| 600 | 1 | 4 | _aBuero Vallejo, Antonio |
| 600 | 1 | 4 | _aValle Inclán, Ramón del |
| 650 | 4 | _aTEORIA LITERARIA | |
| 650 | 4 | _aLITERATURA ARGENTINA | |
| 650 | 4 | _aCRITICA LITERARIA | |
| 650 | 4 | _aTEATRO | |
| 650 | 4 | _aHISTORIA LITERARIA | |
| 650 | 4 | _aESCRITORES | |
| 650 | 4 | _aANALISIS LITERARIO | |
| 655 | _aLITERATURA | ||
| 942 | _cBK | ||
| 998 | _cMARTIN | ||
| 999 |
_c1063 _d1063 |
||